1- Drapeaux du Monde - Statistiques

Statistiques générales
  • Ce quiz a été pris 135 fois
    127 depuis la dernière actualisation
  • Le résultat moyen est 27 sur 30
Statistiques - réponses
Par images Hint Réponse % Correct
B Brésil
95%
F France
95%
J Japon
95%
P Portugal
95%
R Royaume-Uni
95%
R Russie
95%
A Allemagne
94%
C Canada
94%
C Chine
94%
E Espagne
94%
É Etats-Unis
94%
G Grèce
94%
I Italie
94%
A Argentine
92%
D Danemark
92%
I Inde
92%
T Turquie
92%
A Algérie
91%
S Suède
91%
A Australie
90%
M Mexique
90%
N Nouvelle-Zélande
90%
É Égypte
89%
M Mali
87%
I Indonésie
86%
P Pérou
86%
C Côte d'Ivoire
85%
K Kenya
85%
M Madagascar
77%
M Mongolie
77%
Aucun quiz correspondant
Distribution des résultats
% des personnes avec chaque résultat
Percentile par nombre de réponses
Votre historique - résultats
Vous n’avez pas pris ce quiz depuis la dernière actualisation